CBRE global office marketview (Record no. 84030)

MARC details
000 -LEADER
fixed length control field 01348cab a22002175a 4500
001 - CONTROL NUMBER
control field L156471
008 - FIXED-LENGTH DATA ELEMENTS--GENERAL INFORMATION
fixed length control field 120528e2012 xxk 000 0 eng d
035 ## - SYSTEM CONTROL NUMBER
System control number (Sirsi) u156471
041 0# - LANGUAGE CODE
Language code of text/sound track or separate title eng
110 2# - MAIN ENTRY--CORPORATE NAME
Corporate name or jurisdiction name as entry element CBRE
245 00 - TITLE STATEMENT
Title CBRE global office marketview
Remainder of title commercial sluggishness Q1 2012
Medium [electronic resource]
260 ## - PUBLICATION, DISTRIBUTION, ETC.
Place of publication, distribution, etc. [S.l.]
Name of publisher, distributor, etc. CBRE
Date of publication, distribution, etc. 2012
490 #0 - SERIES STATEMENT
Series statement CBRE Global Office Marketview
Volume/sequential designation Q1 2012
520 ## - SUMMARY, ETC.
Summary, etc. The effects of the broader economic strains were felt in Q1 2012 after several quarters of relatively good performance. Global demand slowed to a level not seen since emerging from recession in Q3 2009. Global vacancy consequently remained flat. Global completions outpaced net absorption for the first time since Q2 2010. On an annual basis the CBRE Global Rent Index still improved 3.4% with most of the growth happening in the earlier part of the period.
520 ## - SUMMARY, ETC.
Summary, etc. Overview -- global economies -- global demand and supply -- regional demand -- office completions -- vacancy -- rents -- conclusion.
590 ## - LOCAL NOTE (RLIN)
Local note KA
651 #4 - SUBJECT ADDED ENTRY--GEOGRAPHIC NAME
Geographic name International
690 ## - LOCAL SUBJECT ADDED ENTRY--TOPICAL TERM (OCLC, RLIN)
Topical term or geographic name as entry element Commercial property
9 (RLIN) 6227
856 40 - ELECTRONIC LOCATION AND ACCESS
Uniform Resource Identifier <a href="https://www.cbre.co.uk/portal/page/portal/uk_en/research">https://www.cbre.co.uk/portal/page/portal/uk_en/research</a>
Public note View the report (highlight Global in the Rest of Europe... location box and move it to the right hand box, then click on search) at www.cbre.co.uk
942 ## - ADDED ENTRY ELEMENTS (KOHA)
Suppress in OPAC 0
Holdings
Withdrawn status Lost status Source of classification or shelving scheme Damaged status Not for loan Home library Current library Shelving location Date acquired Total Checkouts Full call number Barcode Date last seen Copy number Price effective from Koha item type
    Dewey Decimal Classification     Virtual Virtual Online 27/05/2012   ONLINE PUBLICATION 156471-2001 06/08/2019 1 06/08/2019 Book